00483nam a2200133Ia 4500008004100000082001500041100003900056245006300095260005100158300001700209942000700226999001900233952009700252230907s9999||||xx |||||||||||||| ||und|| a660.2bHIM aHimmelblau, David Mautner,9115226 0aBasic principles and calculations in chemical engineering/ aPrentice Hall,bUpper Saddle River, NJ :c2012 axx, 945 p. : cBK c598568d598568 00104070aCAS-EbCAS-Ed2018-05-21l0o660.2 HIMpCAS-E0002667r2023-09-12w2023-09-12yBK